Darwin's Leap Of Faith (Record no. 11976)

MARC details
000 -LEADER
fixed length control field 00340nam a22001337a 4500
008 - FIXED-LENGTH DATA ELEMENTS--GENERAL INFORMATION
fixed length control field 220209b ||||| |||| 00| 0 eng d
020 ## - INTERNATIONAL STANDARD BOOK NUMBER
International Standard Book Number 8173623880
050 ## - LIBRARY OF CONGRESS CALL NUMBER
Classification number 230
Item number 1
100 ## - MAIN ENTRY--PERSONAL NAME
Personal name Ankerberg John ..,etal
9 (RLIN) 7539
245 ## - TITLE STATEMENT
Title Darwin's Leap Of Faith
260 ## - PUBLICATION, DISTRIBUTION, ETC. (IMPRINT)
Place of publication, distribution, etc. India
Name of publisher, distributor, etc. OM-Authentic Headlines
Date of publication, distribution, etc. 2002
300 ## - PHYSICAL DESCRIPTION
Extent 391.P
942 ## - ADDED ENTRY ELEMENTS (KOHA)
Source of classification or shelving scheme Dewey Decimal Classification
Koha item type BOOK

No items available.

Powered by Koha